| 000 | 00333nam a2200133 a 4500 | ||
|---|---|---|---|
| 001 | 4055 | ||
| 003 | CDMR | ||
| 005 | 20130919134406.0 | ||
| 008 | 130130s2011||||||||||||||||||||||||||||d | ||
| 040 |
_aCDMR _bcat _cCDMR |
||
| 245 | 0 |
_aAnuario _b: Cierre de la hemeroteca |
|
| 260 |
_aBarcelona _c2011 _bDifusora Internacional |
||
| 942 |
_cMON _2udc |
||
| 999 |
_c4055 _d4055 |
||